Представление документа в формате RUSMARC

ПолеНазваниеЗначение
  Тип записи a
  Библиографический уровень a
001 Контрольный номер 924c38deaf26449ab812a53a3366e846
005 Дата корректировки 20240503132943.7
100 Данные общей обработки __
a Данные общей обработки 20240503 ||| 0rusy0189 ca
101 Язык документа 0_
a Язык текста rus
102 Страна публикации __
a Страна публикации RU
200 Заглавие и сведения об ответственности 1_
a Заглавие Загадочник да Винчи
e Сведения, относящиеся к заглавию [выставка "Новые загадки картин Леонардо да Винчи" в Эрмитаже, работы Леонардо и его учеников]
f Первые сведения об ответственности Л. Кириллов
461 Уровень набора _0
1 2000
a Эскиз
463 Уровень физической единицы _0
1 2000
a № 4
v С. 10-15 : ил.
1 2101
d 2024
1 00132ea3f791ac04fd4800d482ae1468f3a
600 Персоналии _1
a Персоналии (Фамилия) Леонардо да Винчи
600 Персоналии _1
a Персоналии (Фамилия) Больтраффио
g Полное имя Джованни
606 Тематические рубрики 0_
a Основная рубрика Живопись зарубежных стран. Жизнь и деятельность художников
y Географическая подрубрика Италия
610 Ключевые слова 0_
a Ключевые слова картины Леонардо да Винчи; итальянская живопись; живопись Возрождения; живопись Ренессанса; ученики да Винчи; Мадонна Литта (картина); ученики Леонардо да Винчи; Мадонна в скалах (картина); Спаситель мира (картина); выставки в Эрмитаже
686 Индексы других классификаций __
a Классификационный индекс 85.143(3)
700 Автор _1
a Фамилия Кириллов
b Имя (инициалы) Л.
g Полное личное имя Лев
801 Источник записи _0
a Страна RU
b Организация УОБДЮ
c Дата составления 20240503
g Правила каталогизации RCR
801 Источник записи _1
a Страна RU
b Организация УОБДЮ
c Дата составления 20240503
g Правила каталогизации RCR
901 Тип документа __
t Тип документа b
w Контрольный № источника 32ea3f791ac04fd4800d482ae1468f3a
905 Данные по созданию БЗ __
b Логин пользователя, который создал БЗ ibo4
909 Создатель записи __
a Создатель записи Бобылёва И.В.
910 Корректоры записи __
a Корректор записи Бобылёва И.В.